|
|
|
|
| LEADER |
01691nam a22002897a 4500 |
| 001 |
4371 |
| 003 |
BD-DhAAL |
| 005 |
20191119103451.0 |
| 008 |
160323s 1997bg a|||| |||| 00| 0 ben d |
| 999 |
|
|
|c 37210
|d 37210
|
| 020 |
|
|
|a 9840501798
|
| 040 |
|
|
|a BD-DhAAL
|c BD-DhAAL
|
| 082 |
|
|
|a 338.9549/2
|
| 245 |
|
|
|a প্রবৃদ্ধি না স্থবিরতা ? বাংলাদেশের উন্নয়ন পর্যালোচনা ১৯৯৬ /
|c সেন্টার ফর পলিসি ডায়ালগ (সিপিডি)
|
| 250 |
|
|
|a First edition
|
| 260 |
|
|
|a ঢাকা :
|b দি ইউনিভার্সিটি প্রেস,
|c ১৯৯৭
|
| 300 |
|
|
|a ৩১৭ পৃষ্ঠা :
|b চিত্র ;
|c ২২ সে.মি.
|
| 526 |
|
|
|a ESS
|
| 541 |
|
|
|a Complimentary copy from Professor Dr. Nasreen Khundker
|e 4371, 36637
|
| 650 |
|
|
|a Rural poor
|z Bangladesh.
|9 18759
|
| 651 |
|
|
|a Bangladesh
|x Economic conditions.
|9 18760
|
| 710 |
|
|
|a সেন্টার ফর পলিসি ডায়ালগ (সিপিডি)
|9 18761
|
| 852 |
|
|
|a Savar Campus Library
|c General Stacks
|
| 942 |
|
|
|2 ddc
|c BK
|
| 952 |
|
|
|0 0
|1 0
|2 ddc
|4 0
|6 338_954900000000000_2_PRO
|7 0
|9 58494
|a SCL
|b SCL
|c GEN
|d 2016-03-23
|g 240.00
|l 0
|o 338.95492 PRO
|p 3020004371
|r 2016-03-23
|t 1
|w 2016-03-23
|y BK
|
| 952 |
|
|
|0 0
|1 0
|2 ddc
|4 0
|6 338_954900000000000_2_PRO
|7 0
|9 59213
|a SCL
|b SCL
|c GEN
|d 2016-07-12
|g 240.00
|l 0
|o 338.95492 PRO
|p 3020002577
|r 2016-07-12
|t 2
|w 2016-07-12
|y BK
|
| 952 |
|
|
|0 0
|1 0
|2 ddc
|4 0
|6 338_954920000000000_PRO
|7 0
|9 67191
|a BRACUL
|b BRACUL
|c GEN
|d 2019-11-19
|e Complimentary copy from Professor Dr. Nasreen Khundker
|l 0
|o 338.95492 PRO
|p 3010036637
|r 2019-11-19
|t 3
|w 2019-11-19
|y BK
|